000 00450nam a2200121Ia 4500
008 200925s9999 xx 000 0 und d
020 _a978-971-9654-52-0
100 _aFlores, Marivic Francisco
245 _cMarivic Francisco Flores.--
_aHuman Resource forecasting and planning /
260 _aManila :
_bUnlimited Books Library Services & Publishing Inc.
_c2016
300 _ax , 213 pages :
_billustrations ;
_c23 cm.
650 _aPersonnel management
999 _c364497
_d364497